Organizing districts for better schools; (Record no. 22292)

MARC details
000 -LEADER
fixed length control field 01010cam a22002531 4500
001 - CONTROL NUMBER
control field e 58000016
003 - CONTROL NUMBER IDENTIFIER
control field DLC
005 - DATE AND TIME OF LATEST TRANSACTION
control field 20260227111236.0
008 - FIXED-LENGTH DATA ELEMENTS--GENERAL INFORMATION
fixed length control field 760915s1958 dcu 000 0 eng c
010 ## - LIBRARY OF CONGRESS CONTROL NUMBER
LC control number e 58000016
035 ## - SYSTEM CONTROL NUMBER
System control number (OCoLC)2433814
040 ## - CATALOGING SOURCE
Original cataloging agency U.S. Office of Education. Library
Transcribing agency ArLUA
Modifying agency OCoLC
-- DLC
042 ## - AUTHENTICATION CODE
Authentication code premarc
050 00 - LIBRARY OF CONGRESS CALL NUMBER
Classification number L111
Item number .A6 1958, no. 9
051 ## - LIBRARY OF CONGRESS COPY, ISSUE, OFFPRINT STATEMENT
Classification number LB2861
Item number .F536
082 ## - DEWEY DECIMAL CLASSIFICATION NUMBER
Classification number 379.15
100 1# - MAIN ENTRY--PERSONAL NAME
Personal name Fitzwater, Charles Ocelus,
Dates associated with a name 1906-
245 10 - TITLE STATEMENT
Title Organizing districts for better schools;
Remainder of title a summary of school district reorganization policies and procedures.
260 ## - PUBLICATION, DISTRIBUTION, ETC.
Place of publication, distribution, etc. [Washington]
Name of publisher, distributor, etc. U.S. Dept. of Health, Education, and Welfare, Office of Education
Date of publication, distribution, etc. [1958]
300 ## - PHYSICAL DESCRIPTION
Extent iv, 49 p.
Dimensions 24 cm.
410 10 - SERIES STATEMENT/ADDED ENTRY--CORPORATE NAME [OBSOLETE, CAN/MARC], [LOCAL, USA]
Corporate name or jurisdiction name as entry element United States.
Subordinate unit Office of Education.
Title of a work Bulletin,
Volume number/sequential designation 1958, no. 9
500 ## - GENERAL NOTE
General note Copies 1 and 2 of L111.A6 bound with: Bulletin / United States. Office of Education, 1958, no. 10-1958, no. 16, subsequent to publication.
650 #0 - SUBJECT ADDED ENTRY--TOPICAL TERM
Topical term or geographic name entry element Schools
General subdivision Centralization.

No items available.

Powered by Koha